| 000 | 00360nam a22001217a 4500 | ||
|---|---|---|---|
| 999 |
_c9873 _d9873 |
||
| 003 | OSt | ||
| 008 | 201203b ||||| |||| 00| 0 eng d | ||
| 245 | _aIIMS Journal of Management Science | ||
| 250 | _a2015(Jan-Apr Vol.6 No.1, May-Aug Vol.6 No.2, Sep-Dec Vol.6 No.3) | ||
| 260 |
_bDiva Enterprises Pvt. Ltd. _aNew Delhi |
||
| 650 | _aManagement | ||
| 942 |
_2ddc _cBV |
||